000 00763nam a2200217 a 4500
001 20211
003 CO-ViMGA
008 141112s2004 ck r 000 u spa d
040 _aCO-ViMGA
_bspa
_cCO-ViMGA
082 0 4 _a323.4 D333s
100 1 _aCastro Caycedo, Jose Fernando
_912317
110 _aDefensoria del pueblo
_929225
245 1 0 _aVI Informe anual del Ciudadano Defensor del Pueblo al Congreso de Colombia 1998
260 _aBogotá :
_bImprenta Nacional,
_c1999
300 _a309 p.
590 _aForma de adquisición : Premio Mincultura
650 1 4 _aDEFENSOR DEL PUEBLO - COLOMBIA - INFORMES 1998
_929226
650 1 4 _aDERECHOS HUMANOS, PROMOCION Y DIVULGACION - COLOMBIA - 1998
_929227
650 1 4 _aVEEDURIA CIUDADANA
_925252
942 _2ddc
_cBK
999 _c29258
_d29258